| 000 | 00886pam a2200253 a 4500 | ||
|---|---|---|---|
| 001 | 4978256 | ||
| 003 | OSt | ||
| 005 | 20170518102819.0 | ||
| 008 | 980128t19991999njua b 001 0 eng | ||
| 010 | _a 98005442 | ||
| 020 | _a0136145388 | ||
| 040 |
_aMMU _cMMU _dMMU _beng |
||
| 050 | 0 | 0 |
_aH85 _b.S77 1999 |
| 082 | 0 | 0 |
_a300 _221 |
| 100 | 1 | _aStrada, Michael J. | |
| 245 | 1 | 0 |
_aThrough the global lens : _ban introduction to the social sciences / _cMichael J. Strada. |
| 260 |
_aUpper Saddle River, N.J. : _bPrentice Hall, _cc1999. |
||
| 300 |
_axviii, 440 p. : _bill. ; _c24 cm. |
||
| 504 | _aIncludes bibliographical references and index. | ||
| 650 | 0 | _aSocial sciences. | |
| 906 |
_a7 _bcbc _corignew _d1 _eocip _f19 _gy-gencatlg |
||
| 942 |
_2lcc _cLOAN LOAN |
||
| 999 |
_c23227 _d23227 |
||